Statistics for U Marks the Spot

Click here to take the quiz!

General Stats

  • This quiz has been taken 29 times
  • The average score is 13 of 21

Answer Stats

Hint Answer % Correct
Tennis arenaCourt
100%
Battle injuryWound
88%
Orchestra directorConductor
88%
Baskerville beastHound
84%
Dried plumPrune
84%
Not fortunateUnlucky
84%
Extremely fatiguedExhausted
72%
Clumsy personKlutz
72%
Oceanic countryNauru
68%
Margarita baseTequila
64%
Cheek reddenerRouge
64%
Dug up a corpseExhumed
64%
Well-likedPopular
64%
Sincere, authenticGenuine
60%
Pouched mammalMarsupial
56%
Uncertainty, mistrustDoubt
52%
Unit of workJoule
44%
Clair de Lune composerDebussy
40%
African nationBurundi
36%
African capital cityAbuja
36%
LumberjacksWoodcutters
12%

Score Distribution

Percentile by Number Answered

Percent of People with Each Score

Your Score History

You have not taken this quiz